000 00862nam a2200229 a 4500
001 40026
003 BD-RjUL
005 20211209053124.0
008 160421s1928 ii ||||| |||| 00| 0 ben d
020 _c: IRs 1.25
035 _a(BD-RjUL) 40141
040 _aBD-RjUL
_bben
_cBD-RjUL
041 _aben
082 _223
_a891.443
_bGUP 1928
100 _aগুহ, শ্রীনলিনীকিশোর
_9123282
245 1 0 _aপথ ও পাথেয় /
_cশ্রীনলিনীকিশোর গুহ
260 _aকলিকাতা :
_bআর্য্য পাবলিশিং হাউস,
_c১৯২৮
300 _a১০৩ পৃ. ;
_c১৭ সেমি.
650 _aবাংলা সাহিত্য
_xছোটগল্প
_9123283
650 _aBengali Literature
_xShort Story
_9123284
942 _2ddc
_cBK
999 _c40026
_d40026